000 00657nam a2200277Ia 4500
005 20260324120522.0
008 008 260324s9999 xx 000 0 eng d
020 _a9781315688664
037 _aEBOOK
040 _aCRL
040 _beng
040 _cCRL
041 _2eng
041 _aeng
084 _qCRL
100 _aGillian Brown; Karen Currie; Joanne Kenworthy
_91158889
245 0 _aQuestions of Intonation
260 _bTaylor and Francis
260 _c2015
365 _a
365 _b145
856 _uhttp://www.taylorfrancis.com/books/9781315688664
942 _cEBOOK
999 _c1750473
_d1750473